000 01553nam a2200325 c 4500
003 BLK
005 20180725164612.0
008 180411b bul|||||r ||||||| ||bul||
010 _aKNG00203686000
040 _aBLK
041 _aBUL
_cBUL
080 _aНемска литература
_b821.112.2
_x-31
_z821.112.2-31
100 1 _aФалк, Виктор фон
_eпърви автор
_gСохачевски, Хайнрих
_9257780
700 1 _aДимитров, Иван
_eпрев.
_gИванов, Иван Димитров
_9364344
139 _aФалк, Виктор фон
_bФ 19
245 1 0 _aМъртвите сибирски полета
_bРоман
_cВиктор фон Фалк; прев. Иван Димитров.
250 _a[6. изд.]
257 _aDEU
260 София
_bсп. Пламък
_c1991
300 _a735 с.
_c22 см
380 _aX
490 1 _aБиблиотека 48
_vКн. 2
500 _a1. изд. 1894 - 1896 в 63 брош., част от тир. после се подвързва и публ. с означение 2. изд. ; В кн. означено 1. изд. - Ориг. загл. Die Todtenfelder von Sibirien / Victor von Falk. - Виктор фон Фалк е псевд. на Хари Шеф (с рождено име Хайнрих Сохачевски).
653 _aромани
852 _aЦб 164751
856 4 _qpdf
_u
856 4 _qpdf
_u
942 _cKNG
_n0
_03
944 _aCR
_c22.03.2017
_lф /
_kВиолета_Тройчева
944 _aED
_c27.03.2017
_lф /
_kЛюдмила_Стоянова
999 _c194456
_d194456